Vplyv finančno-hospodárskej krízy na cenovú stratégiu firiem so zreteľom na Maslowovu hierarchiu potrieb

V čase celosvetovej finančno – hospodárskej krízy je prispôsobenie sa cenovej politiky podľa požiadaviek spotrebiteľov nepostrádateľnou súčasťou zmien cenových stratégií medzinárodných firiem. Maslowova hierarchia potrieb. Kategórie výdavkov podľa Maslowovej hierarchie potrieb. Dopady finančnej kríz...

Full description

Saved in:
Bibliographic Details
Main Author: Brynkusová, Barbora
Format: Book Chapter
Language:Slovak
Subjects:
Tags: Add Tag
No Tags, Be the first to tag this record!

MARC

LEADER 00000nla$a2200000$$$4500
001 0124697
005 20240502072419.0
041 0 |a slo 
044 |a SK 
245 1 0 |a Vplyv finančno-hospodárskej krízy na cenovú stratégiu firiem so zreteľom na Maslowovu hierarchiu potrieb  |c Barbora Brynkusová 
520 |a V čase celosvetovej finančno – hospodárskej krízy je prispôsobenie sa cenovej politiky podľa požiadaviek spotrebiteľov nepostrádateľnou súčasťou zmien cenových stratégií medzinárodných firiem. Maslowova hierarchia potrieb. Kategórie výdavkov podľa Maslowovej hierarchie potrieb. Dopady finančnej krízy na výdavky spotrebiteľov a cenovú politiku. 
610 2 0 |a ceny 
610 2 0 |a tvorba cien 
610 2 0 |a kríza hospodárska 
610 2 0 |a marketing medzinárodný 
100 1 |a Brynkusová, Barbora